Who's who in the Arab world 2015-16.

Bibliographic Details
Format: Book
Published: Sydney, Australia :: Asia Pacific Infoserv, 2014.
Subjects:
LEADER 01074cam a2200409 7i4500
001 0000032868
005 20151215090000.0
020 0 0 |a 978-1-925109-25-2  
090 0 0 |a WESA 920   |b WHO 
245 0 0 |a Who's who in the Arab world 2015-16. 
260 0 0 |a Sydney, Australia ::   |b Asia Pacific Infoserv,   |c 2014. 
300 # # |c [v.p], 30 cm. 
500 0 0 |a Library has Volume 1 & 2 
650 0 0 |a Biographies --   |z Arab Countries  
651 0 0 |a Qatar  
651 0 0 |a Somalia  
651 0 0 |a Yemen  
651 0 0 |a Palestine  
651 0 0 |a Iraq  
651 0 0 |a Mauritania  
651 0 0 |a Syria  
651 0 0 |a Kuwait  
651 0 0 |a Jordan  
651 0 0 |a Lebanon  
651 0 0 |a Bahrain  
651 0 0 |a Djibouti  
651 0 0 |a Sudan  
651 0 0 |a Algeria  
651 0 0 |a Libya  
651 0 0 |a Tunisia  
651 0 0 |a Egypt  
651 0 0 |a United Arab Emirates  
651 0 0 |a Oman  
651 0 0 |a Morocco  
651 0 0 |a Saudi Arabia  
999 |a B000036875  |b Directories  |c Regions  |e Business Information Centre 
999 |a B000036874  |b Directories  |c Countries  |e Business Information Centre